La interpretación del derecho pensionario en las uniones convivenciales del mismo sexo (Registro nro. 30171)
[ vista simple ]
| 000 -LEADER | |
|---|---|
| fixed length control field | 00385 a2200109 4500 |
| 001 - CONTROL NUMBER | |
| control field | ART_61494 |
| 005 - DATE AND TIME OF LATEST TRANSACTION | |
| control field | 20260410161949.0 |
| 008 - FIXED-LENGTH DATA ELEMENTS--GENERAL INFORMATION | |
| fixed length control field | 260409a |
| 100 1# - MAIN ENTRY--PERSONAL NAME | |
| Personal name | Blanco, Mariela |
| 245 10 - TITLE STATEMENT | |
| Title | La interpretación del derecho pensionario en las uniones convivenciales del mismo sexo |
| 773 0# - HOST ITEM ENTRY | |
| Title | Temas de derecho laboral |
| Related parts | - Año 10, N° 10/11 (oct./nov. 2024) |
| Record control number | REV27619 |
No hay ítems disponibles.